MESTSKÁ KNIŽNICA GIRALTOVCE  - online katalóg 

Základy vedeckého komunizmu (Record no. 15534)

000 -NÁVESTIE
fixed length control field 00603nam a2200205 a 4500
008 - ÚDAJE S PEVNOU DĹŽKOU – VŠEOBECNÉ INFORMÁCIE
fixed length control field 951031s1968||||xo 0 slo c
020 ## - MEDZINÁRODNÉ ŠTANDARDNÉ ČÍSLO KNIHY (ISBN)
Medzinárodné štandardné číslo knihy (ISBN) 8096703161
Údaje o dostupnosti 23
040 ## - ZDROJ KATALOGIZÁCIE
Pôvodná katalogizujúca agentúra SNK
Jazyk katalogizácie slo
Prepisujúca agentúra SNK
Konvencie popisu AACR2
041 1# - KÓD JAZYKA
Kód jazyka textu/zvukovej stopy alebo samostatných nápisov slo
044 ## - KÓD KRAJINY VYDAVATEĽA/PRODUCENTA
Kód krajiny MARC xo
Kód krajiny ISO SK
080 ## - ČÍSLO MEDZINÁRODNÉHO DESATINNÉHO TRIEDENIA (MDT)
Číslo Medzinárodného desatinného triedenia (MDT) 14:93/99
080 ## - ČÍSLO MEDZINÁRODNÉHO DESATINNÉHO TRIEDENIA (MDT)
Číslo Medzinárodného desatinného triedenia (MDT) 93/99
100 1# - OSOBNÉ MENÁ – VŠEOBECNÉ INFORMÁCIE
Kód roly aut
245 10 - NÁZOV
Údaj o zodpovednosti atď. Ľubomír Belás
Názov Základy vedeckého komunizmu
250 ## - ÚDAJ O PORADÍ VYDANIA
Údaj o poradí vydania 1. vyd.
260 ## - VYDAVATEĽSKÉ ÚDAJE, DISTRIBÚCIA ATĎ.
Miesto publikovania, distribúcie atď. Bratislava
Názov vydavateľa, distibútora atď. VPL
Miesto výroby Bratislava
Výrobca Podnik výpočtovej techniky
Dátum publikovania, distribúcie atď. 1968
300 ## - FYZICKÝ POPIS
Rozsah 106 s.
Ďalšie fyzické detaily Fotogr., lit. 303 zázn. v češ., nem., poľ., ruš. a slov.
Rozmery 20 cm
600 1# - PRIDANÝ VSTUP – PREDMET – OSOBNÉ MENO
Osobné meno Kant, Immanuel
Zdroj hesla alebo termínu SNK
958 ## - Formálny deskriptor
Formálny deskriptor APR
Holdings
Stav stiahnutia (Blokovanie) (Withrawn status) Stav straty Stav poškodenia (Damaged status) Nie pre výpožičky (Not for loan) Spôsob nadobudnutia (Collection code) Trvalé umiestnenie Aktuálne umiestnenie Dátum nadobudnutia Náklady, bežná kúpna cena Inventárne číslo (prírastkové číslo) Full call number Dátum posledného výskytu Cena s účinnosťou od Typ jednotky Koha
Vyradený       Kúpa Mestská knižnica Giraltovce Mestská knižnica Giraltovce 2019-11-29 23.00 14557 K 110 2019-11-29 2019-11-29 Odborná literatúra pre dospelých

Powered by Koha